00970nam a22002297a 4500999001900000005001700019010001300036020002600049035001300075037002400088082001200112100002500124245005000149260004300199270007900242300002700321490003400348500005100382520012300433942002600556952015800582 c177296d17729620210217165315.0 aB-736917 a9788123752518c140.00 aB-736917 bGift/Eng/03-02-2021 a320.954 aKashyap, Subhash C.  aOur political system /cby Subhash C. Kashyap aNew Delhi bNational Book Trust c2013 aNehru Bhawan 5, Institutional Area, Ph-II, Vasant KunjbNew Delhi e110070 aviii, 420p.c22cm(pbk) aIndia-the land and the people aIncludes bibliographical references and index  aCollection of lectures delivered on diverse aspects of Indian life and culture by various authors; festschrift volume. 2ddccENmKASh320.954 001040708NFICaLbLd2021-02-17eGift/Eng/03-02-2021g140.00l10m2o320.954 KASpB-736917r2025-03-19 00:00:00s2025-02-27t1v140.00w2021-02-17yEN